000 00237nam a22001097a 4500
008 170118b xxu||||| |||| 00| 0 eng d
020 _arn4012h
041 _aeng
080 _a618.2
245 _aTHE BASICS
_cARIKIAN, V.P
942 _2udc
_cBK
999 _c3045
_d3045